[Event "GER-chT U10"]
[Site "Magdeburg"]
[Date "2016.12.29"]
[Round "6.3"]
[White "Weber, Willi"]
[Black "Hoerhager Celjo, Denis"]
[Result "1-0"]
[WhiteElo "924"]
[BlackElo "853"]
[PlyCount "48"]
[EventDate "2016.12.27"]
[EventType "team-swiss"]
[EventRounds "7"]
[EventCountry "GER"]
[SourceTitle "EXT 2018"]
[Source "ChessBase"]
[SourceDate "2017.10.13"]
[SourceVersion "1"]
[SourceVersionDate "2017.10.13"]
[SourceQuality "1"]
[WhiteTeam "Magdeburg Schachzwerge"]
[BlackTeam "Duesseldorf SV"]
[WhiteTeamCountry "GER"]
[BlackTeamCountry "GER"]

1. e4 e5 2. Nf3 Nc6 3. Bc4 Be7 4. 0-0 Nf6 5. Nc3 0-0 6. d4 exd4 7. Nxd4 Nxd4 8. Qxd4 c5 9. Qd3 d6 10. Qg3 h6 11. Bxh6 Ng4 12. Bf4 Bg5 13. Bxg5 Qxg5 14. h3 a6 15. hxg4 Bxg4 16. Qxd6 Rad8 17. Qg3 Rd7 18. f3 Qe3+ 19. Qf2 Qxf2+ 20. Rxf2 Be6 21. Bxe6 fxe6 22. Raf1 Rdf7 23. a3 b5 24. b4 c4 1-0

[Event "GER-chT U10"]
[Site "Magdeburg"]
[Date "2015.12.28"]
[Round "3.3"]
[White "Weber, Willi"]
[Black "Nguyen, Duc Minh1111"]
[Result "1-0"]
[WhiteElo "905"]
[BlackElo "791"]
[PlyCount "37"]
[EventDate "2015.12.27"]
[EventType "team-swiss"]
[EventRounds "7"]
[EventCountry "GER"]
[SourceTitle "EXT 2017"]
[Source "ChessBase"]
[SourceDate "2016.10.25"]
[SourceVersion "1"]
[SourceVersionDate "2016.10.25"]
[SourceQuality "1"]
[WhiteTeam "Magdeburg Schachzwerge II"]
[BlackTeam "Berlin Schachpinguine"]
[WhiteTeamCountry "GER"]
[BlackTeamCountry "GER"]

1. e4 e5 2. Nf3 Nc6 3. d4 exd4 4. Nxd4 Ne5 5. Nc3 Nf6 6. Bg5 Be7 7. Bb5 0-0 8. Qd2 h6 9. Bxf6 Bxf6 10. 0-0-0 a6 11. Bd3 Bg5 12. f4 Nxd3+ 13. Qxd3 Bxf4+ 14. Kb1 c5 15. Nd5 cxd4 16. Nxf4 g5 17. Nh5 f5 18. Qxd4 fxe4 19. Qg7# 1-0

[Event "GER-chT U10"]
[Site "Magdeburg"]
[Date "2014.12.28"]
[Round "3.2"]
[White "Henzgen, Nick"]
[Black "Weber, Willi"]
[Result "1-0"]
[WhiteElo "1161"]
[BlackElo "749"]
[PlyCount "55"]
[EventDate "2014.12.27"]
[EventType "team-swiss"]
[EventRounds "7"]
[EventCountry "GER"]
[SourceTitle "EXT 2016"]
[Source "ChessBase"]
[SourceDate "2015.10.08"]
[SourceVersion "1"]
[SourceVersionDate "2015.10.08"]
[SourceQuality "1"]
[WhiteTeam "Apolda"]
[BlackTeam "Magdeburg Schachzwerge III"]
[WhiteTeamCountry "GER"]
[BlackTeamCountry "GER"]

1. e4 e5 2. Nf3 Nc6 3. Bc4 Bc5 4. c3 Nf6 5. d4 exd4 6. cxd4 Bb4+ 7. Nc3 Bxc3+ 8. bxc3 Nxe4 9. d5 Na5 10. Bd3 Nxc3 11. Qd2 Nxd5 12. Qxa5 Nf4 13. Bxf4 b6 14. Qd5 c6 15. Qb3 0-0 16. 0-0 Qf6 17. Bg5 Qd6 18. Rad1 h6 19. Bh7+ Kxh7 20. Rxd6 Ba6 21. Rfd1 Be2 22. Qc2+ g6 23. Qxe2 Rfe8 24. Be7 Rg8 25. Rxd7 g5 26. Qc4 Kg7 27. Bf6+ Kxf6 28. Qxf7# 1-0

[Event "GER-chT U10"]
[Site "Magdeburg"]
[Date "2014.12.28"]
[Round "5.2"]
[White "Weber, Willi"]
[Black "Wittig, Georg"]
[Result "0-1"]
[WhiteElo "749"]
[BlackElo "942"]
[PlyCount "46"]
[EventDate "2014.12.27"]
[EventType "team-swiss"]
[EventRounds "7"]
[EventCountry "GER"]
[SourceTitle "EXT 2016"]
[Source "ChessBase"]
[SourceDate "2015.10.08"]
[SourceVersion "1"]
[SourceVersionDate "2015.10.08"]
[SourceQuality "1"]
[WhiteTeam "Magdeburg Schachzwerge III"]
[BlackTeam "Leipzig Gruen Weiss II"]
[WhiteTeamCountry "GER"]
[BlackTeamCountry "GER"]

1. e4 e5 2. Nf3 Nc6 3. Bc4 Nf6 4. d3 Bc5 5. Nc3 d5 6. exd5 Nxd5 7. Bg5 f6 8. Bh4 Bf5 9. Nd2 Nf4 10. 0-0 Nxd3 11. Bb5 0-0 12. Qe2 Nf4 13. Bc4+ Be6 14. Qe4 Qe7 15. Bd3 Nxd3 16. Qxd3 Bf7 17. Nde4 Rad8 18. Qb5 Bb6 19. Ng3 a6 20. Qa4 Bd5 21. Qg4 a5 22. Nh5 Be6 23. Qg3 e4 0-1

[Event "GER-chT U10"]
[Site "Magdeburg"]
[Date "2013.12.28"]
[Round "1.4"]
[White "Pflugradt, Natalie"]
[Black "Weber, Willi"]
[Result "1-0"]
[WhiteElo "878"]
[BlackElo "600"]
[PlyCount "71"]
[EventDate "2013.12.27"]
[EventType "team-swiss"]
[EventRounds "5"]
[EventCountry "GER"]
[SourceTitle "EXT 2015"]
[Source "ChessBase"]
[SourceDate "2014.11.20"]
[SourceVersion "1"]
[SourceVersionDate "2014.11.20"]
[SourceQuality "1"]
[WhiteTeam "Stadtilm Blau Weiss"]
[BlackTeam "Magdeburg Schachzwerge II"]
[WhiteTeamCountry "GER"]
[BlackTeamCountry "GER"]

1. e4 e5 2. Nf3 Nc6 3. Bc4 f6 4. Nc3 Nd4 5. Nxd4 exd4 6. Ne2 c5 7. d3 Qa5+ 8. Bd2 Qb6 9. 0-0 Qxb2 10. Rb1 Qa3 11. Bc1 Qa5 12. Rb5 Qa6 13. Rb2 b5 14. Bxb5 Qe6 15. Bc4 Qg4 16. f3 Qh4 17. Ng3 Bb7 18. Rxb7 Bd6 19. f4 Nh6 20. Bb5 Ng4 21. Bxd7+ Kf8 22. Bxg4 h5 23. Be6 Rb8 24. Rf7+ Kg8 25. Rd7+ Kf8 26. Rxd6 Rb1 27. Nf5 Rxc1 28. Nxh4 Rxd1 29. Rxd1 g5 30. Ng6+ Kg7 31. Nxh8 Kxh8 32. e5 gxf4 33. exf6 a5 34. f7 Kh7 35. Bf5+ Kh8 36. f8Q# 1-0

[Event "GER-chT U10"]
[Site "Magdeburg"]
[Date "2013.12.28"]
[Round "5.3"]
[White "Seibt, Bruno"]
[Black "Weber, Willi"]
[Result "1-0"]
[WhiteElo "767"]
[BlackElo "600"]
[PlyCount "71"]
[EventDate "2013.12.27"]
[EventType "team-swiss"]
[EventRounds "5"]
[EventCountry "GER"]
[SourceTitle "EXT 2015"]
[Source "ChessBase"]
[SourceDate "2014.11.20"]
[SourceVersion "1"]
[SourceVersionDate "2014.11.20"]
[SourceQuality "1"]
[WhiteTeam "Oberland II"]
[BlackTeam "Magdeburg Schachzwerge II"]
[WhiteTeamCountry "GER"]
[BlackTeamCountry "GER"]

1. e4 e5 2. Nf3 Nc6 3. Bc4 Nd4 4. Nxd4 exd4 5. c3 d3 6. Bxd3 d6 7. Bc4 Nf6 8. d3 Bg4 9. Qb3 Be7 10. Bxf7+ Kd7 11. Qb5+ c6 12. Qxb7+ Qc7 13. Qxc7+ Kxc7 14. 0-0 Rhf8 15. f3 Rxf7 16. fxg4 Nxg4 17. Rxf7 Re8 18. Bg5 Ne5 19. Rxe7+ Rxe7 20. Bxe7 g6 21. d4 Nc4 22. b3 Ne3 23. Nd2 Nc2 24. Rf1 Ne3 25. Rf7 Nf5 26. exf5 gxf5 27. Rxh7 c5 28. dxc5 dxc5 29. Bxc5+ Kb8 30. h3 f4 31. g4 f3 32. Nxf3 a6 33. g5 a5 34. g6 a4 35. g7 axb3 36. g8R# 1-0